[Event "World Team Championship 2015"]
[Site "Tsaghkadzor ARM"]
[Date "2015.04.20"]
[Round "2.24"]
[White "Moiseenko, Alexander"]
[Black "Melkumyan, Hrant"]
[Result "1/2-1/2"]
[WhiteElo "2697"]
[BlackElo "2651"]
[PlyCount "98"]
[EventDate "2015.04.18"]
[EventType "team-tourn"]
[EventRounds "9"]
[EventCountry "ARM"]
[Source "lmi"]
[SourceDate "2015.04.18"]

1. d4 Nf6 2. c4 e6 3. Nf3 d5 4. Nc3 Be7 5. Bf4 O-O 6. a3 dxc4 7. e3 Nd5 8. Bxc4
Nxf4 9. exf4 Bf6 10. Qd2 b6 11. O-O Bb7 12. Ne5 Nc6 13. Rfd1 Ne7 14. Rac1 g6
15. Qe2 a6 16. Ne4 Bxe4 17. Qxe4 c6 18. g3 Qd6 19. h4 Rfd8 20. h5 Bg7 21. Be2
Qd5 22. Qc2 Qd6 23. Qe4 Qd5 24. Qxd5 Rxd5 25. Bf3 Rd6 26. hxg6 hxg6 27. Bxc6
Nxc6 28. Nxc6 Kf8 29. Kf1 Rc8 30. Ne5 Rxc1 31. Rxc1 Bxe5 32. fxe5 Rxd4 33. Rc6
b5 34. Rxa6 Rd2 35. b4 g5 36. Ra5 Rd5 37. g4 Ke7 38. Kg2 Kd7 39. Ra7+ Ke8 40.
Ra5 Kd7 41. Kf3 Rxe5 42. a4 Kc6 43. axb5+ Rxb5 44. Ra7 Rxb4 45. Rxf7 Kd6 46.
Rg7 Rb3+ 47. Kg2 Rb5 48. Kg3 Rb3+ 49. f3 Rb5 1/2-1/2

[Event "World Team Championship 2015"]
[Site "Tsaghkadzor ARM"]
[Date "2015.04.20"]
[Round "2.31"]
[White "Harikrishna, Pentala"]
[Black "Shankland, Samuel"]
[Result "1/2-1/2"]
[WhiteElo "2731"]
[BlackElo "2661"]
[PlyCount "92"]
[EventDate "2015.04.18"]
[EventType "team-tourn"]
[EventRounds "9"]
[EventCountry "ARM"]
[Source "lmi"]
[SourceDate "2015.04.18"]

1. e4 c5 2. Nf3 d6 3. d4 cxd4 4. Nxd4 Nf6 5. Nc3 a6 6. h3 e5 7. Nde2 b5 8. Ng3
Bb7 9. Bg5 Nbd7 10. a4 b4 11. Nd5 Bxd5 12. exd5 Be7 13. a5 Qc7 14. Be2 O-O 15.
Nf5 Bd8 16. O-O Nc5 17. Be3 g6 18. Nh6+ Kg7 19. f4 exf4 20. Bxf4 Re8 21. Bf3
Ncd7 22. Qd4 Ne5 23. Qxb4 Rb8 24. Qc3 Qxc3 25. bxc3 Rb5 26. Be2 Rxd5 27. Bxa6
Rxa5 28. Rxa5 Bxa5 29. c4 Bb6+ 30. Kh2 Ra8 31. Bb7 Ra2 32. Bxe5 dxe5 33. Nxf7
Kxf7 34. c5 Rxc2 35. cxb6 Rb2 36. Bf3 Rxb6 37. g4 g5 38. h4 Kg6 39. Re1 Re6 40.
Kg3 e4 41. hxg5 Kxg5 42. Re2 Re5 43. Bg2 e3 44. Bf3 Nd7 45. Rh2 Nf8 46. Be2 Re7
1/2-1/2

[Event "World Team Championship 2015"]
[Site "Tsaghkadzor ARM"]
[Date "2015.04.20"]
[Round "2.32"]
[White "Onischuk, Alexander"]
[Black "Sethuraman, Sethuraman Panayapp"]
[Result "1/2-1/2"]
[WhiteElo "2665"]
[BlackElo "2634"]
[PlyCount "67"]
[EventDate "2015.04.18"]
[EventType "team-tourn"]
[EventRounds "9"]
[EventCountry "ARM"]
[Source "lmi"]
[SourceDate "2015.04.18"]

1. d4 d5 2. c4 c6 3. Nf3 Nf6 4. Nc3 e6 5. e3 Nbd7 6. Qc2 Bd6 7. Bd3 dxc4 8.
Bxc4 b5 9. Be2 O-O 10. O-O Bb7 11. e4 e5 12. dxe5 Nxe5 13. Nd4 Neg4 14. g3 Bc5
15. Nf5 Re8 16. Bf4 Qb6 17. Bxg4 Nxg4 18. Kg2 Rad8 19. f3 Ne5 20. Rad1 Bf8 21.
Rxd8 Qxd8 22. Rd1 Qf6 23. Bxe5 Qxe5 24. Qd2 b4 25. Ne2 c5 26. Qc2 g6 27. Ne3 f5
28. Rd7 Bc8 29. Rxa7 fxe4 30. Qxe4 Qxb2 31. Qxe8 Qxe2+ 32. Kg1 Qe1+ 33. Kg2
Qe2+ 34. Kg1 1/2-1/2

[Event "World Team Championship 2015"]
[Site "Tsaghkadzor ARM"]
[Date "2015.04.20"]
[Round "2.33"]
[White "Sasikiran, Krishnan"]
[Black "Akobian, Varuzhan"]
[Result "1/2-1/2"]
[WhiteElo "2654"]
[BlackElo "2622"]
[PlyCount "87"]
[EventDate "2015.04.18"]
[EventType "team-tourn"]
[EventRounds "9"]
[EventCountry "ARM"]
[Source "lmi"]
[SourceDate "2015.04.18"]

1. d4 d5 2. c4 e6 3. Nf3 Nf6 4. g3 Bb4+ 5. Bd2 Be7 6. Bg2 c6 7. Qc2 Nbd7 8. O-O
O-O 9. Bf4 b6 10. Rd1 Bb7 11. Ne5 Nh5 12. Bd2 Nhf6 13. cxd5 cxd5 14. Nc6 Bxc6
15. Qxc6 Rc8 16. Qb5 Ne8 17. Qd3 Nd6 18. e3 Nf6 19. Nc3 Qd7 20. b3 Rc7 21. a4
Rfc8 22. Rdc1 Nb7 23. Ne2 Na5 24. Rxc7 Rxc7 25. Rb1 h6 26. Nc3 Rc8 27. Na2 Qd6
28. Nb4 Qc7 29. f3 Bd6 30. Bf1 h5 31. Qe2 Qe7 32. Nd3 Nd7 33. Be1 g6 34. Bh3
Qf6 35. Bg2 Rc7 36. Rc1 Qd8 37. Qd1 Rxc1 38. Nxc1 Qc7 39. Nd3 h4 40. f4 hxg3
41. hxg3 f5 42. g4 Nf6 43. gxf5 gxf5 44. Bf3 1/2-1/2

[Event "World Team Championship 2015"]
[Site "Tsaghkadzor ARM"]
[Date "2015.04.20"]
[Round "2.34"]
[White "Naroditsky, Daniel"]
[Black "Vidit, Santosh Gujarathi"]
[Result "1/2-1/2"]
[WhiteElo "2640"]
[BlackElo "2630"]
[PlyCount "55"]
[EventDate "2015.04.18"]
[EventType "team-tourn"]
[EventRounds "9"]
[EventCountry "ARM"]
[Source "lmi"]
[SourceDate "2015.04.18"]

1. d4 Nf6 2. c4 e6 3. Nc3 Bb4 4. e3 O-O 5. Bd3 d5 6. Nf3 c5 7. O-O dxc4 8. Bxc4
Nbd7 9. a3 Ba5 10. Qc2 cxd4 11. Nxd4 Ne5 12. Be2 Bd7 13. b4 Bb6 14. Bb2 Rc8 15.
Rad1 Nd5 16. Qb3 Rxc3 17. Bxc3 Ba4 18. Qxa4 Nxc3 19. Qc2 Nxd1 20. Rxd1 Qb8 21.
Nf3 Rd8 22. Rxd8+ Bxd8 23. Nxe5 Qxe5 24. Qa4 Qa1+ 25. Bf1 Be7 26. Qxa7 Bxb4 27.
Qxb7 Qxa3 28. Qc8+ 1/2-1/2

[Event "World Team Championship 2015"]
[Site "Tsaghkadzor ARM"]
[Date "2015.04.20"]
[Round "2.41"]
[White "Amin, Bassem"]
[Black "Gelfand, Boris"]
[Result "1/2-1/2"]
[WhiteElo "2634"]
[BlackElo "2747"]
[PlyCount "52"]
[EventDate "2015.04.18"]
[EventType "team-tourn"]
[EventRounds "9"]
[EventCountry "ARM"]
[Source "lmi"]
[SourceDate "2015.04.18"]

1. e4 c5 2. Nf3 Nc6 3. Bb5 e6 4. Bxc6 bxc6 5. d3 Ne7 6. O-O Ng6 7. Ng5 e5 8.
Qh5 Qe7 9. Nc3 d6 10. Ne2 h6 11. Nf3 Qf6 12. h3 Be7 13. Be3 Nf8 14. Bg5 Qe6 15.
Bxe7 Qxe7 16. c3 Ne6 17. Nh2 Qg5 18. Qf3 Qd2 19. b3 Ng5 20. Qe3 Qxe3 21. fxe3
a5 22. Rab1 a4 23. h4 Ne6 24. b4 cxb4 25. cxb4 Ba6 26. Rfd1 Ke7 1/2-1/2

[Event "World Team Championship 2015"]
[Site "Tsaghkadzor ARM"]
[Date "2015.04.20"]
[Round "2.42"]
[White "Sutovsky, Emil"]
[Black "Shoker, Samy"]
[Result "0-1"]
[WhiteElo "2628"]
[BlackElo "2482"]
[PlyCount "135"]
[EventDate "2015.04.18"]
[EventType "team-tourn"]
[EventRounds "9"]
[EventCountry "ARM"]
[Source "lmi"]
[SourceDate "2015.04.18"]

1. e4 g6 2. d4 Bg7 3. Nc3 d6 4. Be3 a6 5. f4 b5 6. Nf3 b4 7. Ne2 Bb7 8. Ng3 Nf6
9. Bd3 h5 10. Ng5 c5 11. dxc5 Ng4 12. Bd2 Bd4 13. c3 Bxc5 14. Rf1 Qb6 15. Qb3
O-O 16. f5 bxc3 17. bxc3 Nxh2 18. Qxb6 Bxb6 19. Rf4 Nd7 20. Rb1 Ng4 21. fxg6
fxg6 22. Bc4+ d5 23. exd5 Nge5 24. Bf1 Bxd5 25. c4 Rxf4 26. Bxf4 Ba5+ 27. Bd2
Bxd2+ 28. Kxd2 Nxc4+ 29. Bxc4 Bxc4 30. a3 Ra7 31. N3e4 Kg7 32. Ke3 Bg8 33. Nf3
Rc7 34. Nd4 Nf6 35. a4 Bd5 36. Ng5 Kh6 37. Nde6 Bxe6 38. Nxe6 Rc4 39. Kf3 Rxa4
40. Rb7 Ra3+ 41. Ke2 Ra2+ 42. Kf3 Ra3+ 43. Ke2 Ra5 44. Kf3 Rf5+ 45. Kg3 Re5 46.
Nd8 Re3+ 47. Kf2 Ng4+ 48. Kf1 Re4 49. g3 Ne3+ 50. Kf2 Nf5 51. Rb8 Rg4 52. Ne6
Kh7 53. Rf8 Nxg3 54. Rf7+ Kh6 55. Rf8 g5 56. Ra8 Ne4+ 57. Kf3 Nf6 58. Rxa6 h4
59. Ra8 Rg3+ 60. Kf2 Rb3 61. Nd4 Rb2+ 62. Kg1 Kg6 63. Nf3 h3 64. Ne5+ Kf5 65.
Ra5 Rg2+ 66. Kh1 Ne4 67. Nd3+ Kf6 68. Ra6+ 0-1

[Event "World Team Championship 2015"]
[Site "Tsaghkadzor ARM"]
[Date "2015.04.20"]
[Round "2.43"]
[White "Elsherief, Mohamed"]
[Black "Smirin, Ilia"]
[Result "1/2-1/2"]
[WhiteElo "2479"]
[BlackElo "2652"]
[PlyCount "40"]
[EventDate "2015.04.18"]
[EventType "team-tourn"]
[EventRounds "9"]
[EventCountry "ARM"]
[Source "lmi"]
[SourceDate "2015.04.18"]

1. d4 d6 2. c4 e5 3. Nf3 e4 4. Ng5 f5 5. h4 Nf6 6. Nh3 c5 7. dxc5 d5 8. e3 Bxc5
9. cxd5 Qxd5 10. Qc2 Nc6 11. a3 Ne5 12. Nc3 Qd6 13. Na4 Bb6 14. Nxb6 axb6 15.
Nf4 Be6 16. Bd2 O-O 17. Bc3 Bf7 18. Qd2 Qc7 19. Bd4 Rac8 20. Bb5 Nh5 1/2-1/2

[Event "World Team Championship 2015"]
[Site "Tsaghkadzor ARM"]
[Date "2015.04.20"]
[Round "2.51"]
[White "Grischuk, Alexander"]
[Black "Dominguez Perez, Leinier"]
[Result "0-1"]
[WhiteElo "2794"]
[BlackElo "2729"]
[PlyCount "188"]
[EventDate "2015.04.18"]
[EventType "team-tourn"]
[EventRounds "9"]
[EventCountry "ARM"]
[Source "lmi"]
[SourceDate "2015.04.18"]

1. d4 Nf6 2. Bg5 d5 3. e3 c6 4. Bd3 Bg4 5. Ne2 Nbd7 6. f3 Bh5 7. Nbc3 e5 8. Qd2
Be7 9. Ng3 Bg6 10. Nf5 Bxf5 11. Bxf5 O-O 12. O-O Re8 13. Rae1 Qc7 14. Kh1 Bd6
15. Ne2 g6 16. Bh3 exd4 17. exd4 Nh5 18. g3 Ng7 19. b3 Ne6 20. Be3 Nf6 21. c4
b6 22. Bg1 Re7 23. Bg2 Rae8 24. f4 a5 25. Nc3 Bb4 26. a3 Bxc3 27. Qxc3 Ng7 28.
cxd5 Nxd5 29. Qc1 Rxe1 30. Rxe1 Rxe1 31. Qxe1 Qd6 32. Qe5 Qxa3 33. Bxd5 cxd5
34. Qxd5 h5 35. Qc4 Nf5 36. d5 Nd6 37. Qc6 Qxb3 38. Bxb6 Qd1+ 39. Kg2 Qe2+ 40.
Kg1 Qe1+ 41. Kg2 Qe2+ 42. Kg1 Nc4 43. Bxa5 Qe3+ 44. Kf1 Qe4 45. Kf2 Ne3 46. h3
h4 47. gxh4 Qxf4+ 48. Ke2 Qe4 49. Kf2 Nxd5 50. Bd2 Qxh4+ 51. Kg2 Qe4+ 52. Kf2
Kg7 53. Qc1 Qd3 54. Kg2 Kg8 55. Qe1 Nf6 56. Qe3 Qd5+ 57. Kg1 Ne4 58. Bc3 Kh7
59. Be1 Qf5 60. Kg2 Qd5 61. Kg1 g5 62. Qf3 Qe6 63. Kg2 Kg6 64. Qd3 Qc6 65. Qf3
f5 66. Kg1 Qc5+ 67. Kg2 Qc2+ 68. Kg1 Qc5+ 69. Kg2 Qc6 70. Kg1 Qc2 71. Qe3 Qd1
72. Kg2 Qc2+ 73. Kg1 f4 74. Qb6+ Kf5 75. Qa5+ Ke6 76. Qb6+ Kd5 77. Qd8+ Ke5 78.
Qh8+ Kd5 79. Qd8+ Ke5 80. Qh8+ Nf6 81. Qb8+ Ke4 82. Qb4+ Kf3 83. Qa3+ Ke2 84.
Bb4 Ne4 85. Kg2 Kd1+ 86. Kh1 Nf2+ 87. Kg1 Ke2 88. Qa6+ Nd3 89. Qe6+ Kd1 90.
Qg4+ Qe2 91. Be7 Ne5 92. Qxe2+ Kxe2 93. h4 f3 94. Bc5 Nd3 0-1

[Event "World Team Championship 2015"]
[Site "Tsaghkadzor ARM"]
[Date "2015.04.20"]
[Round "2.52"]
[White "Bruzon Batista, Lazaro"]
[Black "Karjakin, Sergey"]
[Result "1/2-1/2"]
[WhiteElo "2691"]
[BlackElo "2757"]
[PlyCount "76"]
[EventDate "2015.04.18"]
[EventType "team-tourn"]
[EventRounds "9"]
[EventCountry "ARM"]
[Source "lmi"]
[SourceDate "2015.04.18"]

1. d4 Nf6 2. c4 e6 3. g3 d5 4. Nf3 Bb4+ 5. Bd2 Be7 6. Bg2 O-O 7. O-O c6 8. Bf4
dxc4 9. Ne5 Nd5 10. Nxc4 Nxf4 11. gxf4 Nd7 12. Nc3 Nb6 13. Ne5 f6 14. Nf3 Nd5
15. e3 Bd7 16. Rc1 Be8 17. Ne1 Bd6 18. Ne4 Bc7 19. Nc5 Qe7 20. Ned3 b6 21. Ne4
Rd8 22. Ng3 Kh8 23. Qb3 h6 24. Rc4 f5 25. Re1 Bd6 26. Rc2 Qh4 27. Rf1 Bd7 28.
Ne1 Qe7 29. Nd3 Qh4 30. Ne1 Rg8 31. Nf3 Qe7 32. Re1 Rgf8 33. a3 c5 34. dxc5
bxc5 35. Rd2 Bc6 36. Qc2 Rb8 37. Rc1 Rb6 38. Ne1 Nf6 1/2-1/2

[Event "World Team Championship 2015"]
[Site "Tsaghkadzor ARM"]
[Date "2015.04.20"]
[Round "2.53"]
[White "Tomashevsky, Evgeny"]
[Black "Quesada Perez, Yuniesky"]
[Result "1/2-1/2"]
[WhiteElo "2745"]
[BlackElo "2629"]
[PlyCount "164"]
[EventDate "2015.04.18"]
[EventType "team-tourn"]
[EventRounds "9"]
[EventCountry "ARM"]
[Source "lmi"]
[SourceDate "2015.04.18"]

1. d4 Nf6 2. c4 e6 3. Nf3 Bb4+ 4. Nbd2 O-O 5. a3 Be7 6. e4 d5 7. e5 Nfd7 8. Bd3
c5 9. h4 g6 10. h5 cxd4 11. cxd5 exd5 12. Qc2 Qe8 13. O-O Nc6 14. Re1 Nc5 15.
Nb3 Nxd3 16. Qxd3 Bf5 17. Qd1 Qd7 18. Nfxd4 gxh5 19. Qxh5 Bg6 20. Qf3 a5 21.
Bh6 Rfe8 22. Qc3 Nxd4 23. Nxd4 Rec8 24. Qg3 Ra6 25. Bg5 Kh8 26. Bxe7 Qxe7 27.
Qf4 Rg8 28. f3 Rb6 29. Re2 Bd3 30. Rf2 h6 31. e6 fxe6 32. Qxh6+ Bh7 33. Re1 Rg6
34. Qe3 Qg7 35. Qf4 Qf6 36. Qb8+ Bg8 37. Qe5 Qxe5 38. Rxe5 Kg7 39. Re3 Kf6 40.
f4 Rg4 41. Rh3 Kg7 42. Kh2 Bh7 43. Rh5 Be4 44. Kh3 Rg6 45. g4 Rh6 46. Rxh6 Kxh6
47. b3 Kg6 48. Kg3 Kf6 49. Rh2 Kg7 50. Kf2 Ra6 51. Ke3 a4 52. b4 Rd6 53. Kd2
Bg6 54. f5 exf5 55. gxf5 Bf7 56. Ke3 Rd8 57. Kf4 Re8 58. Kg5 Re4 59. Nb5 Re3
60. Rc2 d4 61. Rc7 d3 62. Rd7 Kg8 63. Kf6 Bb3 64. Nc7 Rf3 65. b5 b6 66. Rd8+
Kh7 67. Rd4 Kg8 68. Ne6 Bxe6 69. Kxe6 Re3+ 70. Kd5 Kf7 71. Kc6 Kf6 72. Rd5 d2
73. Rxd2 Rxa3 74. Kxb6 Rb3 75. Ra2 a3 76. Ka6 Kxf5 77. b6 Ke4 78. b7 Kd4 79.
Ka7 Kc3 80. Ka8 Rxb7 81. Kxb7 Kb3 82. Rxa3+ Kxa3 1/2-1/2

[Event "World Team Championship 2015"]
[Site "Tsaghkadzor ARM"]
[Date "2015.04.20"]
[Round "2.54"]
[White "Gonzalez Vidal, Yuri"]
[Black "Vitiugov, Nikita"]
[Result "1/2-1/2"]
[WhiteElo "2557"]
[BlackElo "2736"]
[PlyCount "109"]
[EventDate "2015.04.18"]
[EventType "team-tourn"]
[EventRounds "9"]
[EventCountry "ARM"]
[Source "lmi"]
[SourceDate "2015.04.18"]

1. e4 c5 2. Nf3 e6 3. d4 cxd4 4. Nxd4 Nc6 5. Nc3 Qc7 6. Be3 a6 7. Qf3 b5 8.
Nxc6 Qxc6 9. Bd3 Nf6 10. e5 Qxf3 11. gxf3 b4 12. exf6 bxc3 13. Bd4 cxb2 14. Rb1
g6 15. Rxb2 d5 16. Rb6 Ba3 17. h4 Kd7 18. h5 gxh5 19. Rxh5 Bd6 20. c4 Bc7 21.
Rb1 Rb8 22. Rxb8 Bxb8 23. cxd5 e5 24. Bxe5 Bxe5 25. Rxe5 Kd6 26. Re7 Rf8 27.
Bxh7 Kxd5 28. Bc2 Be6 29. Bb3+ Kd6 30. Kd2 a5 31. f4 Bxb3 32. axb3 Rb8 33. Kc3
Rc8+ 34. Kb2 Rb8 35. Kc3 Rc8+ 36. Kb2 Rb8 37. Ka3 Rb4 38. Rxf7 Rxf4 39. Ra7 Kc6
40. Rxa5 Kb6 41. Rg5 Rxf2 42. Rg6 Kb5 43. Rh6 Ka5 44. b4+ Kb5 45. Rh5+ Kb6 46.
Rh6 Kb5 47. Kb3 Rf3+ 48. Kc2 Kxb4 49. Kd2 Kc5 50. Ke2 Rf5 51. Ke3 Kd5 52. Rg6
Ke5 53. Rh6 Rxf6 54. Rxf6 Kxf6 55. Ke4 1/2-1/2

[Event "World Team Championship 2015"]
[Site "Tsaghkadzor ARM"]
[Date "2015.04.21"]
[Round "3.11"]
[White "Gelfand, Boris"]
[Black "Harikrishna, Pentala"]
[Result "1/2-1/2"]
[WhiteElo "2747"]
[BlackElo "2731"]
[PlyCount "53"]
[EventDate "2015.04.18"]
[EventType "team-tourn"]
[EventRounds "9"]
[EventCountry "ARM"]
[Source "lmi"]
[SourceDate "2015.04.18"]

1. d4 Nf6 2. c4 e6 3. Nf3 b6 4. g3 Ba6 5. b3 Bb4+ 6. Bd2 Be7 7. Nc3 d5 8. cxd5
exd5 9. Bg2 O-O 10. O-O Re8 11. Qc2 Bb7 12. Bf4 Na6 13. Rfd1 h6 14. a3 Qc8 15.
b4 c5 16. bxc5 bxc5 17. dxc5 Nxc5 18. Rac1 Ne6 19. Nb5 Qxc2 20. Rxc2 Nxf4 21.
gxf4 Rec8 22. Rxc8+ Rxc8 23. Nxa7 Ra8 24. Nb5 Bxa3 25. Ne5 Bf8 26. Rb1 Ra4 27.
Nc3 1/2-1/2

[Event "World Team Championship 2015"]
[Site "Tsaghkadzor ARM"]
[Date "2015.04.21"]
[Round "3.12"]
[White "Sethuraman, Sethuraman Panayapp"]
[Black "Sutovsky, Emil"]
[Result "0-1"]
[WhiteElo "2634"]
[BlackElo "2628"]
[PlyCount "56"]
[EventDate "2015.04.18"]
[EventType "team-tourn"]
[EventRounds "9"]
[EventCountry "ARM"]
[Source "lmi"]
[SourceDate "2015.04.18"]

1. d4 Nf6 2. c4 g6 3. f3 Nc6 4. d5 Ne5 5. e4 d6 6. Nc3 Bg7 7. f4 Ned7 8. Be2
O-O 9. Nh3 Nc5 10. Nf2 e5 11. dxe6 fxe6 12. Be3 Nfd7 13. Qc2 b6 14. h4 e5 15.
f5 gxf5 16. exf5 Nb8 17. g4 Nc6 18. Bf3 Nd4 19. Bxd4 exd4 20. Bxa8 dxc3 21.
Bd5+ Kh8 22. b4 Nd7 23. g5 Ne5 24. f6 Bxf6 25. gxf6 Qxf6 26. b5 Qf4 27. Rg1
Qe3+ 28. Kd1 Bg4+ 0-1

[Event "World Team Championship 2015"]
[Site "Tsaghkadzor ARM"]
[Date "2015.04.21"]
[Round "3.13"]
[White "Smirin, Ilia"]
[Black "Sasikiran, Krishnan"]
[Result "1-0"]
[WhiteElo "2652"]
[BlackElo "2654"]
[PlyCount "69"]
[EventDate "2015.04.18"]
[EventType "team-tourn"]
[EventRounds "9"]
[EventCountry "ARM"]
[Source "lmi"]
[SourceDate "2015.04.18"]

1. e4 c6 2. d3 d5 3. Nd2 e5 4. Ngf3 Bd6 5. d4 exd4 6. exd5 cxd5 7. Nxd4 Nc6 8.
N2f3 Nf6 9. Be2 h6 10. O-O O-O 11. h3 Re8 12. c3 a6 13. Re1 Bd7 14. Bd2 Qc7 15.
Bf1 Ne4 16. Be3 Rad8 17. Nxc6 bxc6 18. Bxa6 Re6 19. Nd2 f5 20. Nxe4 fxe4 21.
Be2 Bc8 22. a4 Rg6 23. Bh5 Rf6 24. a5 Bh2+ 25. Kh1 c5 26. b4 Be5 27. Rc1 Bf4
28. Bxc5 Bxc1 29. Qxc1 Qe5 30. Be2 Rg6 31. Qe3 Kh7 32. b5 Rd7 33. a6 Rf7 34.
Bd4 Qe8 35. Rb1 1-0

[Event "World Team Championship 2015"]
[Site "Tsaghkadzor ARM"]
[Date "2015.04.21"]
[Round "3.14"]
[White "Deep, Sengupta"]
[Black "Postny, Evgeni"]
[Result "0-1"]
[WhiteElo "2636"]
[BlackElo "2576"]
[PlyCount "108"]
[EventDate "2015.04.18"]
[EventType "team-tourn"]
[EventRounds "9"]
[EventCountry "ARM"]
[Source "lmi"]
[SourceDate "2015.04.18"]

1. e4 e5 2. Nf3 Nc6 3. Bb5 a6 4. Ba4 Nf6 5. O-O Be7 6. Re1 b5 7. Bb3 d6 8. c3
O-O 9. h3 Na5 10. Bc2 c5 11. d4 Qc7 12. d5 Bd7 13. b3 Rfb8 14. Nbd2 c4 15. b4
Nb7 16. Nf1 Ne8 17. Be3 a5 18. a3 Ra6 19. Qc1 Rba8 20. N3h2 Nd8 21. g4 g6 22.
Ng3 f6 23. Kg2 Nf7 24. Ra2 Qb8 25. Bb1 Bd8 26. Rae2 Bb6 27. Bd2 axb4 28. axb4
Ra1 29. Qc2 Ng7 30. Bc1 Qc8 31. Bb2 R1a7 32. Qd1 Kh8 33. Rd2 Qd8 34. Rh1 Qe7
35. Nhf1 Rg8 36. Rh2 h5 37. gxh5 gxh5 38. Kh1 h4 39. Nf5 Nxf5 40. exf5 Ng5 41.
Rg2 Qh7 42. Qg4 Be8 43. Nh2 Rag7 44. f4 Bh5 45. fxg5 Bxg4 46. g6 Bxh3 47. gxh7
Bxg2+ 48. Rxg2 Rxg2 49. hxg8=R+ Rxg8 50. Nf3 Rg3 51. Be4 Rg4 52. Bc2 e4 53. Nd4
Bxd4 54. cxd4 e3 0-1

[Event "World Team Championship 2015"]
[Site "Tsaghkadzor ARM"]
[Date "2015.04.21"]
[Round "3.22"]
[White "Shoker, Samy"]
[Black "Eljanov, Pavel"]
[Result "0-1"]
[WhiteElo "2482"]
[BlackElo "2733"]
[PlyCount "94"]
[EventDate "2015.04.18"]
[EventType "team-tourn"]
[EventRounds "9"]
[EventCountry "ARM"]
[Source "lmi"]
[SourceDate "2015.04.18"]

1. g3 d5 2. Bg2 Nf6 3. Nf3 g6 4. O-O Bg7 5. d3 O-O 6. Nbd2 c5 7. e4 Nc6 8. exd5
Nxd5 9. Re1 e5 10. a3 h6 11. Rb1 Be6 12. c3 Rc8 13. Qc2 b6 14. h4 Re8 15. c4
Nc7 16. Qa4 Bd7 17. Ne4 Re6 18. Qc2 f5 19. Nc3 Nd4 20. Nxd4 cxd4 21. Nd5 Kh7
22. Qb3 Na6 23. Qd1 Nc5 24. h5 Qe8 25. Bh3 Qf7 26. b4 Na4 27. hxg6+ Rxg6 28. b5
Nc3 29. Nxc3 dxc3 30. Bg2 f4 31. Qf3 Bg4 32. Qd5 Be6 33. Qf3 Rd8 34. Rb3 Bg4
35. Qb7 Rd7 36. Qa8 fxg3 37. fxg3 Rxd3 38. Be3 Bf5 39. Bf2 e4 40. Rxe4 c2 41.
Rxd3 c1=Q+ 42. Re1 Qxe1+ 43. Bxe1 Bxd3 44. Bd5 Qf1+ 45. Kh2 Qe2+ 46. Kh3 Bf5+
47. Kh4 Qg4# 0-1

[Event "World Team Championship 2015"]
[Site "Tsaghkadzor ARM"]
[Date "2015.04.21"]
[Round "3.23"]
[White "Kryvoruchko, Yuriy"]
[Black "Elsherief, Mohamed"]
[Result "1-0"]
[WhiteElo "2686"]
[BlackElo "2479"]
[PlyCount "137"]
[EventDate "2015.04.18"]
[EventType "team-tourn"]
[EventRounds "9"]
[EventCountry "ARM"]
[Source "lmi"]
[SourceDate "2015.04.18"]

1. e4 c6 2. d4 d5 3. e5 Bf5 4. Nf3 e6 5. Be2 c5 6. O-O Nc6 7. c3 cxd4 8. Nxd4
Nxd4 9. cxd4 Ne7 10. Nc3 Nc6 11. g4 Bg6 12. f4 h5 13. f5 Bh7 14. fxe6 fxe6 15.
g5 Qb6 16. Bxh5+ g6 17. Bg4 Qxd4+ 18. Qxd4 Nxd4 19. Ne2 Nf5 20. Nf4 Kd7 21.
Bxf5 gxf5 22. Be3 Be7 23. h4 Bg8 24. Bf2 Bf7 25. Rac1 b6 26. Rc2 Rac8 27. Rfc1
Rxc2 28. Rxc2 Bh5 29. Kg2 Bd1 30. Rc1 Bg4 31. Kg3 Bb4 32. Be3 d4 33. a3 Bxa3
34. bxa3 dxe3 35. g6 e2 36. Kf2 Rg8 37. h5 Bxh5 38. Nxh5 Rxg6 39. Kxe2 Rg2+ 40.
Ke3 Kd8 41. Rd1+ Ke7 42. Rc1 Rg4 43. Nf4 Rg3+ 44. Kd4 Rg4 45. Rf1 Kd7 46. Rf3
Rh4 47. Ke3 Rh1 48. Ke2 Rh2+ 49. Rf2 Rh1 50. Rg2 a5 51. Rg7+ Kc8 52. Nxe6 Rh4
53. Ng5 Rg4 54. Kf3 b5 55. e6 Rd4 56. Ra7 Kd8 57. Rxa5 b4 58. axb4 Rxb4 59.
Rxf5 Ke8 60. Rf4 Rb1 61. Kg4 Rb5 62. Kh5 Rb1 63. Kg6 Rg1 64. Kf6 Rd1 65. Nf7
Rd2 66. Nh6 Kf8 67. Nf5 Re2 68. e7+ Kg8 69. Rf3 1-0

[Event "World Team Championship 2015"]
[Site "Tsaghkadzor ARM"]
[Date "2015.04.21"]
[Round "3.24"]
[White "Adly, Ahmed"]
[Black "Moiseenko, Alexander"]
[Result "0-1"]
[WhiteElo "2595"]
[BlackElo "2697"]
[PlyCount "132"]
[EventDate "2015.04.18"]
[EventType "team-tourn"]
[EventRounds "9"]
[EventCountry "ARM"]
[Source "lmi"]
[SourceDate "2015.04.18"]

1. Nf3 c5 2. e3 d5 3. c4 d4 4. b4 dxe3 5. fxe3 cxb4 6. d4 Nf6 7. Bd3 g6 8. O-O
Bg7 9. Bb2 Nbd7 10. Qe1 O-O 11. Nbd2 b6 12. Qh4 Bb7 13. a3 a5 14. axb4 axb4 15.
Rxa8 Bxa8 16. Ra1 e6 17. Bc2 Qc7 18. Ba4 Bc6 19. Qg3 Qb7 20. Qd6 Bxa4 21. Rxa4
Bh6 22. Rxb4 Bxe3+ 23. Kf1 Ra8 24. Rb3 Bxd2 25. Nxd2 Ne4 26. Qf4 Nxd2+ 27. Qxd2
Qe4 28. Qe2 Qb1+ 29. Kf2 Ra2 30. Rb5 e5 31. dxe5 Nc5 32. Kg3 Qf5 33. h3 Ne4+
34. Kh2 Qf4+ 35. Kg1 Nc3 36. Qc2 Qe3+ 37. Kf1 Qf4+ 38. Kg1 Nxb5 39. cxb5 Qd4+
40. Bxd4 Rxc2 41. Bxb6 Rb2 42. Bd8 Rxb5 43. Bf6 Kf8 44. Kf2 Rb3 45. Bg5 Ke8 46.
Bf6 Kd7 47. Ke2 Ke6 48. Kf2 Kf5 49. Kg1 Kf4 50. Kh2 h5 51. Bg7 Rb1 52. Bf6 g5
53. Bg7 g4 54. Bh6+ Kxe5 55. hxg4 hxg4 56. Kg3 Kf5 57. Bf8 Kg5 58. Be7+ f6 59.
Bd8 Rb3+ 60. Kh2 Kf5 61. Be7 Ke5 62. Bd8 f5 63. Bc7+ Ke4 64. Bg3 f4 65. Bh4 Rb1
66. Bf2 g3+ 0-1

[Event "World Team Championship 2015"]
[Site "Tsaghkadzor ARM"]
[Date "2015.04.21"]
[Round "3.31"]
[White "Dominguez Perez, Leinier"]
[Black "Aronian, Levon"]
[Result "1/2-1/2"]
[WhiteElo "2729"]
[BlackElo "2770"]
[PlyCount "139"]
[EventDate "2015.04.18"]
[EventType "team-tourn"]
[EventRounds "9"]
[EventCountry "ARM"]
[Source "lmi"]
[SourceDate "2015.04.18"]

1. e4 e5 2. Nf3 Nc6 3. Bb5 Nf6 4. O-O Nxe4 5. Re1 Nd6 6. Nxe5 Be7 7. Bd3 Nxe5
8. Rxe5 O-O 9. Nc3 Bf6 10. Re1 b6 11. Nd5 Bb7 12. Qf3 Kh8 13. Qh3 h6 14. Nxf6
Qxf6 15. Qxd7 c5 16. Re3 Rfe8 17. Bf1 Rad8 18. Qc7 Rxe3 19. dxe3 Be4 20. f3
Bxc2 21. Qc6 c4 22. Qd5 b5 23. Qd2 Bd3 24. Bxd3 Nf5 25. Qc3 Qxc3 26. bxc3 cxd3
27. e4 Nd6 28. Be3 Nc4 29. Kf2 d2 30. Rd1 Rd6 31. a3 a5 32. Ke2 a4 33. Bxd2
Nxa3 34. Ra1 Nc4 35. Bc1 Na5 36. Ba3 Rd7 37. Rb1 Nb3 38. Bc1 Kg8 39. Be3 Kf8
40. Rb2 Ke7 41. Ra2 Kd6 42. g4 Kc6 43. h4 Rd8 44. h5 f6 45. Ra3 Na5 46. Ra2 Nb3
47. Ra3 Kb7 48. Ra2 Rd7 49. f4 Kc6 50. c4 Re7 51. Kf3 bxc4 52. Rxa4 Kb5 53. Ra8
c3 54. Rc8 Kb4 55. Ke2 Rd7 56. e5 fxe5 57. fxe5 Nd4+ 58. Kd3 Nf5+ 59. Ke4 Nxe3
60. Kxe3 Rd5 61. e6 Re5+ 62. Kd4 Rxe6 63. Rxc3 g6 64. Rc1 gxh5 65. Rb1+ Ka5 66.
gxh5 Rb6 67. Ra1+ Kb4 68. Rb1+ Ka5 69. Ra1+ Kb4 70. Ke4 1/2-1/2